000 00638cam a2200193 i 4500
020 _a0882753630
082 0 0 _a624.101
_bCAR
100 1 _aCarpenter, Samuel T.
_942319
245 1 0 _aStructural mechanics /
_cSamuel T. Carpenter.
260 _aHuntington, N.Y. :
_bR. E. Krieger Pub. Co.,
_c1977, c1960.
300 _axi, 539 p. :
_bill. ;
_c24 cm.
500 _aReprint of the ed. published by Wiley, New York.
526 _a0
_b0
_c0
_d624_101000000000000_CAR
526 _a0
_b0
_c0
_d624_101000000000000_CAR
650 0 _aMCE
_9379
650 0 _aMechanics.
_910681
650 0 _aStructural analysis (Engineering)
_9654
942 _2ddc
_cBK
999 _c546230
_d546230